[Event "IECG CP.2003.P.00065 email"]
[Site "IECG email"]
[Date "2003.10.01"]
[Round "?"]
[White "Trevis, Robert R"]
[Black "Varsamis, Christos"]
[Result "0-1"]
[WhiteElo "1359"]
[BlackElo "1837"]
[PlyCount "79"]
[EventDate "2003.10.11"]
[EventType "tourn (corr)"]
[EventRounds "6"]
[EventCountry "ENG"]
[SourceTitle "Corr 2008"]
[Source "ChessBase"]
[SourceDate "2008.06.24"]
[SourceVersion "1"]
[SourceVersionDate "2008.06.24"]
[SourceQuality "1"]

1. e4 c5 2. c3 Nf6 3. e5 Nd5 4. d4 cxd4 5. cxd4 e6 6. Nf3 b6 7. Bd3 Bb7 8. 0-0 Nb4 9. Nc3 Nxd3 10. Qxd3 Be7 11. Bf4 0-0 12. d5 d6 13. exd6 Bxd6 14. Ng5 g6 15. Qh3 h5 16. Nxe6 fxe6 17. Qxe6+ Kh7 18. Bxd6 Rf6 19. Qe7+ Qxe7 20. Bxe7 Rf7 21. Rfe1 Rf5 22. Nb5 Rxd5 23. Nc7 Rd7 24. Nxa8 Bxa8 25. Bf6 Rf7 26. Bc3 Bc6 27. Rad1 Kh6 28. Rd8 Nd7 29. Re6 Bb5 30. f4 Nf8 31. Rf6 Rxf6 32. Bxf6 Nh7 33. Bd4 h4 34. Ra8 a6 35. Bxb6 g5 36. f5 Bd3 37. Bd4 Bxf5 38. Rxa6+ Kh5 39. b4 Bd3 40. Re6 0-1

[Event "IECG CP.2002.Q.00014 email"]
[Site "IECG email"]
[Date "2003.10.01"]
[Round "?"]
[White "Varsamis, Christos"]
[Black "Boettcher, Fred"]
[Result "0-1"]
[WhiteElo "1837"]
[BlackElo "1841"]
[PlyCount "86"]
[EventDate "2003.10.01"]
[EventType "tourn (corr)"]
[EventRounds "10"]
[SourceTitle "Corr 2008"]
[Source "ChessBase"]
[SourceDate "2008.06.24"]
[SourceVersion "1"]
[SourceVersionDate "2008.06.24"]
[SourceQuality "1"]

1. c4 Nf6 2. g3 g6 3. Bg2 Bg7 4. Nc3 0-0 5. e4 d6 6. Nge2 c5 7. 0-0 Nc6 8. h3 Rb8 9. a4 Bd7 10. d3 Qc8 11. Kh2 a6 12. Be3 Ne5 13. b3 b6 14. d4 Nc6 15. f4 Ne8 16. g4 f5 17. gxf5 gxf5 18. e5 cxd4 19. Bxc6 dxe3 20. Bxd7 Qxd7 21. Qd3 Qc8 22. exd6 Nxd6 23. Rg1 Kh8 24. Qxe3 Qc5 25. Rg3 e5 26. Qxc5 bxc5 27. Rd1 Ne8 28. Nd5 Nd6 29. Kg2 Ne4 30. Rgd3 exf4 31. Nexf4 Be5 32. Kf3 Rb7 33. h4 Rg7 34. Ne2 Rg4 35. Rh1 Rd8 36. h5 Kg7 37. Rhd1 Rh4 38. Ndf4 Re8 39. Rf1 Kh6 40. Rd5 Rh2 41. Rg1 Ng5+ 42. Rxg5 Kxg5 43. Nd3 Bd4 0-1

[Event "IECG CP.2002.Q.00014 email"]
[Site "IECG email"]
[Date "2003.10.01"]
[Round "?"]
[White "Varsamis, Christos"]
[Black "Sheehan, Michael J"]
[Result "0-1"]
[WhiteElo "1837"]
[BlackElo "2121"]
[PlyCount "58"]
[EventDate "2003.10.01"]
[EventType "tourn (corr)"]
[EventRounds "10"]
[SourceTitle "Corr 2008"]
[Source "ChessBase"]
[SourceDate "2008.06.24"]
[SourceVersion "1"]
[SourceVersionDate "2008.06.24"]
[SourceQuality "1"]

1. c4 e5 2. Nc3 Nf6 3. Nf3 Nc6 4. g3 Bb4 5. Nd5 Bc5 6. d3 h6 7. Bg2 0-0 8. 0-0 d6 9. a3 a6 10. b4 Ba7 11. e3 Nxd5 12. cxd5 Ne7 13. Qb3 c6 14. dxc6 Be6 15. Qc2 Nxc6 16. Bb2 Rc8 17. Qe2 Qf6 18. Rac1 Bg4 19. Rc2 Qf5 20. Rc4 Rfd8 21. Rfc1 d5 22. R4c2 e4 23. dxe4 dxe4 24. Nh4 Qe6 25. Qc4 g5 26. Qc3 f6 27. Qxf6 Qxf6 28. Bxf6 Rd6 29. Be5 Re6 0-1

[Event "IECG CP.2002.P.00060 email"]
[Site "IECG email"]
[Date "2002.10.01"]
[Round "?"]
[White "Gralke, Wolfgang"]
[Black "Varsamis, Christos"]
[Result "1-0"]
[WhiteElo "1749"]
[BlackElo "1820"]
[PlyCount "99"]
[EventDate "2002.10.01"]
[EventType "tourn (corr)"]
[EventRounds "6"]
[EventCountry "ITA"]
[SourceTitle "Corr 2008"]
[Source "ChessBase"]
[SourceDate "2008.06.24"]
[SourceVersion "1"]
[SourceVersionDate "2008.06.24"]
[SourceQuality "1"]

1. e4 c5 2. Nf3 Nc6 3. d4 cxd4 4. Nxd4 Nf6 5. Nc3 e5 6. Ndb5 d6 7. Bg5 a6 8. Na3 b5 9. Bxf6 gxf6 10. Nd5 Bg7 11. c3 f5 12. exf5 Bxf5 13. Nc2 Be6 14. a4 0-0 15. Be2 Nd4 16. Bf3 Nxf3+ 17. Qxf3 Qh4 18. Nce3 bxa4 19. g3 Qg5 20. Rxa4 Ra7 21. h4 Qg6 22. h5 Qb1+ 23. Qd1 Qxd1+ 24. Kxd1 Bh6 25. f4 f5 26. Ke2 Bd7 27. Ra5 Bc6 28. Rha1 Rg7 29. Rxa6 Bb5+ 30. Kf2 Bxa6 31. Rxa6 exf4 32. gxf4 Rd7 33. Kf3 Bg7 34. b4 Bf6 35. b5 Bd8 36. c4 h6 37. Nc2 Re8 38. Nd4 Re4 39. Nxf5 Rxc4 40. Nxh6+ Kf8 41. Ra8 Rc5 42. Nf6 Ke7 43. Nxd7 Kxd7 44. Ra7+ Ke6 45. f5+ Kd5 46. Rd7 Rc3+ 47. Ke2 Bg5 48. Nf7 Bf4 49. b6 Ke4 50. Nxd6+ 1-0

[Event "IECG CP.2002.P.00060 email"]
[Site "IECG email"]
[Date "2002.10.01"]
[Round "?"]
[White "Omodei, Gavin"]
[Black "Varsamis, Christos"]
[Result "0-1"]
[WhiteElo "1400"]
[BlackElo "1820"]
[PlyCount "38"]
[EventDate "2002.10.01"]
[EventType "tourn (corr)"]
[EventRounds "6"]
[EventCountry "ITA"]
[SourceTitle "Corr 2008"]
[Source "ChessBase"]
[SourceDate "2008.06.24"]
[SourceVersion "1"]
[SourceVersionDate "2008.06.24"]
[SourceQuality "1"]

1. e4 c5 2. Nf3 Nc6 3. d4 cxd4 4. Nxd4 Nf6 5. Nc3 e5 6. Ndb5 d6 7. Bg5 a6 8. Bxf6 gxf6 9. Na3 b5 10. Nd5 Bg7 11. c4 0-0 12. cxb5 Nd4 13. bxa6 f5 14. exf5 Bxf5 15. b4 Be4 16. Nc3 Qb6 17. b5 Qa5 18. Rc1 Qxa3 19. Nxe4 d5 0-1

[Event "IECG CP.2001.P.00094"]
[Site "IECG email"]
[Date "2001.10.01"]
[Round "?"]
[White "Varsamis, Christos"]
[Black "Weegenaar, Bertrand W"]
[Result "1/2-1/2"]
[WhiteElo "1812"]
[BlackElo "2103"]
[PlyCount "85"]
[EventDate "2001.10.01"]
[EventType "tourn (corr)"]
[EventRounds "6"]
[SourceTitle "Corr 2008"]
[Source "ChessBase"]
[SourceDate "2008.06.24"]
[SourceVersion "1"]
[SourceVersionDate "2008.06.24"]
[SourceQuality "1"]

1. c4 Nf6 2. Nc3 e5 3. g3 d5 4. cxd5 Nxd5 5. Bg2 Nb6 6. Nf3 Nc6 7. 0-0 Be7 8. d3 0-0 9. a3 Be6 10. b4 f6 11. Ne4 Qd7 12. Bb2 Rfd8 13. Qc2 a6 14. Nc5 Bxc5 15. bxc5 Nd5 16. Rfd1 Bh3 17. Bxh3 Qxh3 18. d4 exd4 19. Nxd4 Ne5 20. e4 Ne7 21. Qb3+ Kh8 22. f4 Ng4 23. Rd2 Rd7 24. Qxb7 Rad8 25. Qxa6 Rxd4 26. Bxd4 Rxd4 27. Qe2 Rxd2 28. Qxd2 Qh5 29. Rc1 Nc6 30. h4 Qe8 31. Rb1 h5 32. Qd5 Ne7 33. Qd4 Nc6 34. Qd3 Qa8 35. Rc1 Qb7 36. Rb1 Qa8 37. Rd1 Qa7 38. Qc3 Qa4 39. Re1 Nd4 40. Qd3 Nb3 41. Qd5 Qxa3 42. Qxh5+ Nh6 43. Qe8+ 1/2-1/2

[Event "IECG CP.2000.P.00073"]
[Site "IECG email"]
[Date "2000.10.01"]
[Round "?"]
[White "Carrier, Michel"]
[Black "Varsamis, Christos"]
[Result "0-1"]
[WhiteElo "1450"]
[BlackElo "1881"]
[PlyCount "24"]
[EventDate "2000.10.01"]
[EventType "tourn (corr)"]
[EventRounds "6"]
[EventCountry "CRO"]
[SourceTitle "Corr 2008"]
[Source "ChessBase"]
[SourceDate "2008.06.24"]
[SourceVersion "1"]
[SourceVersionDate "2008.06.24"]
[SourceQuality "1"]

1. c4 Nf6 2. Nc3 d5 3. cxd5 Nxd5 4. e4 Nb6 5. Nf3 Bg4 6. Be2 Bxf3 7. Bxf3 e5 8. 0-0 Be7 9. Nd5 Bc5 10. Qc2 N8d7 11. Rd1 Nxd5 12. exd5 0-0 0-1

[Event "IECG CP.2000.P.00073"]
[Site "IECG email"]
[Date "2000.10.01"]
[Round "?"]
[White "Varsamis, Christos"]
[Black "Gourion, Daniel"]
[Result "0-1"]
[WhiteElo "1881"]
[BlackElo "2051"]
[PlyCount "70"]
[EventDate "2000.10.01"]
[EventType "tourn (corr)"]
[EventRounds "6"]
[EventCountry "CRO"]
[SourceTitle "Corr 2008"]
[Source "ChessBase"]
[SourceDate "2008.06.24"]
[SourceVersion "1"]
[SourceVersionDate "2008.06.24"]
[SourceQuality "1"]

1. c4 e5 2. Nc3 Nf6 3. g3 Bb4 4. Bg2 0-0 5. e3 c6 6. Nge2 d5 7. cxd5 cxd5 8. d4 e4 9. 0-0 Nc6 10. Nf4 Bxc3 11. bxc3 Bg4 12. f3 Bxf3 13. Bxf3 exf3 14. Rxf3 Na5 15. Nd3 Rc8 16. Nc5 b6 17. Nb3 Nc4 18. Nd2 Qd7 19. Qe2 Qg4 20. Rf2 Qxe2 21. Rxe2 Nxd2 22. Bxd2 Ne4 23. Rc1 Rc4 24. Be1 Rfc8 25. Rec2 g5 26. g4 b5 27. a3 Kg7 28. Kf1 Kg6 29. Ke2 f5 30. gxf5+ Kxf5 31. Kd3 h5 32. Bd2 g4 33. Rb2 a6 34. Rf1+ Kg6 35. Rb3 h4 0-1

[Event "IECG CP.2000.P.00073"]
[Site "IECG email"]
[Date "2000.10.01"]
[Round "?"]
[White "Varsamis, Christos"]
[Black "Hartjes, Dan"]
[Result "1-0"]
[WhiteElo "1881"]
[BlackElo "800"]
[PlyCount "109"]
[EventDate "2000.10.01"]
[EventType "tourn (corr)"]
[EventRounds "6"]
[EventCountry "CRO"]
[SourceTitle "Corr 2008"]
[Source "ChessBase"]
[SourceDate "2008.06.24"]
[SourceVersion "1"]
[SourceVersionDate "2008.06.24"]
[SourceQuality "1"]

1. c4 c5 2. Nc3 Nf6 3. g3 d6 4. Bg2 e5 5. e3 Nc6 6. Nge2 Bd7 7. 0-0 Be7 8. d4 exd4 9. exd4 cxd4 10. Nxd4 Nxd4 11. Qxd4 Bc6 12. Nd5 0-0 13. Re1 Re8 14. Nxe7+ Rxe7 15. Bg5 Rxe1+ 16. Rxe1 Bxg2 17. Bxf6 Qxf6 18. Qxf6 gxf6 19. Kxg2 Kf8 20. Kf3 Re8 21. Rxe8+ Kxe8 22. Kf4 Ke7 23. Kf5 a5 24. b3 b5 25. cxb5 d5 26. h3 Kd7 27. Kf4 h5 28. Ke3 Kd6 29. Kd4 Ke6 30. b6 Kd6 31. b7 Kc7 32. b8B+ Kxb8 33. Kxd5 Kc7 34. Kc5 f5 35. f3 f6 36. Kb5 Kd6 37. Kxa5 Kd5 38. b4 Kd4 39. b5 Ke3 40. b6 Kxf3 41. b7 Kxg3 42. b8Q+ f4 43. Qd6 f5 44. Qg6+ Kxh3 45. Qxf5+ Kg2 46. Qxh5 f3 47. Qg4+ Kf2 48. Kb4 Ke3 49. Kc3 f2 50. Qd4+ Ke2 51. Qd2+ Kf3 52. Qd1+ Kg2 53. Qg4+ Kf1 54. Kd3 Ke1 55. Qe2# 1-0

[Event "IECG CP.1999.P.00051"]
[Site "IECG email"]
[Date "1999.10.01"]
[Round "?"]
[White "Abdelmoumen, Ahmed"]
[Black "Varsamis, Christos"]
[Result "1-0"]
[WhiteElo "1400"]
[BlackElo "1861"]
[PlyCount "91"]
[EventDate "1999.10.01"]
[EventType "tourn (corr)"]
[EventRounds "6"]
[EventCountry "GER"]
[SourceTitle "Corr 2008"]
[Source "ChessBase"]
[SourceDate "2008.06.24"]
[SourceVersion "1"]
[SourceVersionDate "2008.06.24"]
[SourceQuality "1"]

1. e4 c5 2. Nf3 Nc6 3. Bb5 g6 4. 0-0 Bg7 5. c3 Nf6 6. Re1 0-0 7. d4 cxd4 8. cxd4 d6 9. h3 a6 10. Bf1 b5 11. Nc3 Bb7 12. Bg5 h6 13. Bh4 b4 14. Nd5 g5 15. Nxf6+ Bxf6 16. e5 dxe5 17. dxe5 Bg7 18. Bg3 e6 19. Rc1 Qxd1 20. Rexd1 Rfd8 21. Rxd8+ Nxd8 22. Rc7 Rc8 23. Rxc8 Bxc8 24. Nd2 Nc6 25. Nc4 a5 26. Be2 Ba6 27. Nxa5 Bxe2 28. Nxc6 Bf8 29. f3 Bb5 30. Na5 Kg7 31. Bf2 Kg6 32. g4 f5 33. exf6 Kxf6 34. h4 Ke5 35. Nb3 Bc4 36. hxg5 hxg5 37. Bd4+ Kd5 38. Bf6 Bxb3 39. axb3 Bc5+ 40. Kf1 Be3 41. Ke2 Bf4 42. Be7 Bc1 43. Kd1 Bxb2 44. Bxg5 Bc3 45. Bd2 Bf6 46. g5 1-0

[Event "IECG CP.1999.P.00051"]
[Site "IECG email"]
[Date "1999.10.01"]
[Round "?"]
[White "Buese, Ralf"]
[Black "Varsamis, Christos"]
[Result "1-0"]
[WhiteElo "2044"]
[BlackElo "1861"]
[PlyCount "57"]
[EventDate "1999.10.01"]
[EventType "tourn (corr)"]
[EventRounds "6"]
[EventCountry "GER"]
[SourceTitle "Corr 2008"]
[Source "ChessBase"]
[SourceDate "2008.06.24"]
[SourceVersion "1"]
[SourceVersionDate "2008.06.24"]
[SourceQuality "1"]

1. Nf3 d5 2. g3 Bg4 3. Bg2 Nd7 4. d3 e5 5. Nbd2 c6 6. 0-0 Ngf6 7. h3 Bf5 8. Re1 Bd6 9. e4 Bg6 10. exd5 cxd5 11. Nxe5 Nxe5 12. d4 Be7 13. dxe5 Nd7 14. Bxd5 0-0 15. Bxb7 Rb8 16. Bg2 Qc7 17. Nc4 Rfd8 18. Qe2 Nb6 19. Nxb6 Rxb6 20. c3 Bd3 21. Qg4 Rg6 22. Qf3 Rb6 23. Rd1 Qc4 24. b3 Qxc3 25. Bf4 Qb2 26. Bf1 Bxf1 27. Rxd8+ Bxd8 28. Qa8 Qd4 29. Be3 1-0

[Event "IECG CP.1999.P.00051"]
[Site "IECG email"]
[Date "1999.10.01"]
[Round "?"]
[White "Zanobini, Andrea"]
[Black "Varsamis, Christos"]
[Result "1-0"]
[WhiteElo "1706"]
[BlackElo "1861"]
[PlyCount "43"]
[EventDate "1999.10.01"]
[EventType "tourn (corr)"]
[EventRounds "6"]
[EventCountry "GER"]
[SourceTitle "Corr 2008"]
[Source "ChessBase"]
[SourceDate "2008.06.24"]
[SourceVersion "1"]
[SourceVersionDate "2008.06.24"]
[SourceQuality "1"]

1. d4 Nf6 2. c4 c5 3. Nf3 cxd4 4. Nxd4 e5 5. Nc2 d5 6. cxd5 Bc5 7. Be3 Bb6 8. Nc3 Bf5 9. Rc1 0-0 10. Bxb6 Qxb6 11. Ne3 Bg6 12. Nc4 Qc7 13. e3 a6 14. Na4 Nc6 15. dxc6 Rad8 16. Nd2 b5 17. Nc5 Rd6 18. Nxa6 Qb6 19. Nc5 Rfd8 20. Nb7 Rxd2 21. Qxd2 Rxd2 22. c7 1-0